| 000 | 00484nam a2200121Ia 4500 | ||
|---|---|---|---|
| 008 | 160712s9999 xx 000 0 und d | ||
| 100 | _aJuliano, Hansley A. | ||
| 245 |
_cHansley A. Juliano _aTensions and Developments in Akbayan’s Alliance with the Aquino Administration |
||
| 260 |
_c2015 _bKasarinlan Philippine Journal of Third World Studies |
||
| 300 | _avol. 30 no. 1 | ||
| 650 | _xINDEPENDENCE | ||
| 856 | _uhttp://journals.upd.edu.ph/index.php/kasarinlan/issue/view/533/showToc | ||
| 999 |
_c297053 _d297053 |
||